000 00343nab a22001097u 4500
008 130520b1983 xxu||||| |||| 00| 0 spa d
041 _aspa
100 1 _aAlberigo, Giuseppe
_91526
245 0 0 _aHistoria y teología: la persistencia de un reto
_cGiuseppe Alberigo
773 0 _tConcilium
_gV.3,1983,págs.577-588
_x0210-1041
_wRev134
942 _cAR
999 _c355005
_d355005